00523nam a2200133Ia 45000010005000000080041000050820025000461000063000712450188001342600018003225900007003409010027003479990015003742656241024s9999 xx 000 0 und d aRD/373.97293/R426d/3 aRepública Dominicana. Ministerio de Educación (MINERD) 0aDiplomado apropiación de la lengua escrita y la metamática centrada en indicadored de logros. Módulo 3, La enseñanza y el aprendizaje de la matemática. Guía de actividades bSanto Domingo asi a5/12/2012 1:49:52 p.m. c8538d8538